[Event "CoshCh"]
[Site "?"]
[Date "1985.??.??"]
[Round "?"]
[White "Gibson, Dave"]
[Black "Brameld, Arthur F"]
[Result "0-1"]
[WhiteElo "2000"]
[BlackElo "2220"]
[PlyCount "56"]
[EventDate "1985.??.??"]
[EventType "swiss"]

1. e4 Nf6 2. e5 Nd5 3. c4 Nb6 4. d4 d6 5. exd6 exd6 6. Be3 Be7 7. Bd3 Nc6 8. a3 Bf6 9. Ne2 Bg4 10. f3 Bh5 11. O-O Bg6 12. b4 d5 13. c5 Nc4 14. Bxc4 dxc4 15. Nbc3 Bd3 16. Re1 O-O 17. Ra2 Nxd4 18. Nxd4 Bxd4 19. Qc1 Re8 20. Bf2 Qd7 21. Ne2 Bxf2+ 22. Kxf2 Re7 23. Kg1 Rae8 24. Qd1 Qe6 25. Kf1 c3 26. Qxd3 Qxa2 27. Kf2 Qd2 28. Qxd2 cxd2 0-1

[Event "ColeCup"]
[Site "?"]
[Date "1985.??.??"]
[Round "?"]
[White "McDougall, William M"]
[Black "Brameld, Arthur F"]
[Result "1/2-1/2"]
[WhiteElo "2040"]
[BlackElo "2220"]
[PlyCount "95"]
[EventDate "1985.??.??"]
[EventType "simul"]
[EventRounds "2"]

1. Nf3 d5 2. d4 e6 3. c4 c5 4. e3 cxd4 5. exd4 Nf6 6. Bf4 Be7 7. Nc3 O-O 8. Bd3 dxc4 9. Bxc4 Nd5 10. Bg3 Nc6 11. O-O Nxc3 12. bxc3 Bd6 13. Re1 Bxg3 14. hxg3 Ne7 15. Ng5 h6 16. Ne4 Bd7 17. Qh5 Nf5 18. Bb3 Bc6 19. Qh3 Nd6 20. Nxd6 Qxd6 21. Re5 Bd5 22. Rae1 Rac8 23. g4 Qc6 24. c4 Bxc4 25. Rc5 Qd6 26. Rxc4 Rxc4 27. Bxc4 Qxd4 28. Bb3 Rc8 29. Rd1 Qf4 30. Qf3 Qxf3 31. gxf3 Rc7 32. f4 g5 33. fxg5 hxg5 34. Kg2 Kg7 35. Kf3 b5 36. Rd6 a5 37. Rb6 a4 38. Bd1 Rc3+ 39. Ke4 Rc4+ 40. Ke3 b4 41. f3 b3 42. axb3 axb3 43. Rxb3 Kf6 44. Be2 Rc5 45. Kd4 Rd5+ 46. Ke3 Re5+ 47. Kf2 Rd5 48. Rb5 1/2-1/2

[Event "Ports Lge"]
[Site "?"]
[Date "1985.??.??"]
[Round "?"]
[White "Oswald, Graeme"]
[Black "Brameld, Arthur F"]
[Result "1/2-1/2"]
[WhiteElo "2110"]
[BlackElo "2220"]
[PlyCount "100"]
[EventDate "1985.??.??"]
[EventType "swiss"]

1. g3 e5 2. Bg2 Nc6 3. c4 g6 4. Nc3 Bg7 5. Rb1 d6 6. b4 a6 7. e3 Bf5 8. d3 Qd7 9. h3 Nge7 10. Nge2 Be6 11. Nd5 Nd8 12. e4 h6 13. Be3 f5 14. h4 Nc8 15. Qd2 c6 16. Ndc3 Nf7 17. a4 Ne7 18. a5 d5 19. cxd5 cxd5 20. Bc5 d4 21. Nd1 fxe4 22. Bxe4 Bd5 23. Nb2 Bxe4 24. dxe4 Qc6 25. f3 Nd6 26. Rc1 Qd7 27. h5 g5 28. g4 Nc6 29. Ng3 Bf8 30. Nd3 Qf7 31. O-O Nc4 32. Qa2 Ne3 33. Qxf7+ Kxf7 34. Rfe1 Rc8 35. Nf5 Nxf5 36. exf5 Bg7 37. Nf2 Rhd8 38. Ne4 Bf8 39. Bxf8 Kxf8 40. Nc5 Rd5 41. Nxb7 Kf7 42. Rc5 Rd7 43. b5 axb5 44. Rxb5 d3 45. Nc5 Rd5 46. Rb7+ Kg8 47. Ne4 Rxa5 48. Rd1 Ra3 49. f6 Nd4 50. Nd6 Rc2 1/2-1/2

[Event "CoshCh"]
[Site "?"]
[Date "1985.??.??"]
[Round "?"]
[White "Brameld, Arthur F"]
[Black "Langley, Arthur"]
[Result "1-0"]
[WhiteElo "2220"]
[BlackElo "1605"]
[PlyCount "85"]
[EventDate "1985.??.??"]
[EventType "swiss"]

1. e4 e5 2. Nf3 Nc6 3. d4 d6 4. Bc4 exd4 5. c3 Be7 6. cxd4 Nf6 7. Nc3 O-O 8. d5 Ne5 9. Nxe5 dxe5 10. O-O a6 11. a4 Bg4 12. Be2 Bxe2 13. Qxe2 Qd6 14. b3 Qd7 15. Rd1 Qg4 16. Qxg4 Nxg4 17. h3 Bb4 18. Bb2 Nf6 19. Rac1 Bd6 20. g4 g5 21. Rc2 h6 22. f3 Kg7 23. Ne2 Ng8 24. Ng3 Ne7 25. Bc1 f6 26. Be3 Rac8 27. Bc5 b6 28. Bxd6 cxd6 29. Rdc1 Rxc2 30. Rxc2 Rc8 31. Nf5+ Kh7 32. Ne3 Rxc2 33. Nxc2 a5 34. Kf2 Nc8 35. Ke2 Kg6 36. Kd3 h5 37. Kc4 Na7 38. Ne3 hxg4 39. hxg4 Kf7 40. Nf5 Ke8 41. Nxd6+ Kd7 42. Nf5 Kc7 43. Ne7 1-0

[Event "CoshCh"]
[Site "?"]
[Date "1985.??.??"]
[Round "?"]
[White "Brameld, Arthur F"]
[Black "Dean, Stuart"]
[Result "1-0"]
[WhiteElo "2255"]
[BlackElo "2000"]
[PlyCount "39"]
[EventDate "1985.??.??"]
[EventType "swiss"]

1. d4 Nf6 2. c4 g6 3. Nc3 Bg7 4. e4 d6 5. f3 O-O 6. Be3 Nc6 7. Qd2 e5 8. d5 Ne7 9. g4 Nd7 10. O-O-O f5 11. gxf5 gxf5 12. exf5 Nxf5 13. Bg5 Nf6 14. Bd3 Qe8 15. Nge2 Kh8 16. Rhg1 Bd7 17. Ne4 Qh5 18. N2g3 Nxg3 19. Nxg3 Qh3 20. Bf1 1-0

[Event "CoshCh"]
[Site "?"]
[Date "1985.??.??"]
[Round "?"]
[White "Dean, Stuart"]
[Black "Brameld, Arthur F"]
[Result "0-1"]
[WhiteElo "2000"]
[BlackElo "2255"]
[PlyCount "82"]
[EventDate "1985.??.??"]
[EventType "swiss"]

1. c4 e5 2. Nc3 Nc6 3. Nf3 g6 4. g3 Bg7 5. Bg2 d6 6. d3 h6 7. Bd2 Nge7 8. a3 Be6 9. b4 Qd7 10. b5 Nd8 11. O-O Bh3 12. Rb1 Bxg2 13. Kxg2 O-O 14. Qc1 Kh7 15. Qc2 f5 16. h4 Ne6 17. e3 c6 18. a4 d5 19. Ne2 e4 20. dxe4 fxe4 21. Nfd4 Rac8 22. Qb3 Nc5 23. Qa2 Nd3 24. bxc6 bxc6 25. cxd5 cxd5 26. Rb5 Qg4 27. Rb7 Rf7 28. Nc1 Bxd4 29. Nxd3 Qf3+ 30. Kg1 Bg7 31. Nf4 Rcf8 32. Bb4 Rxf4 33. exf4 Nf5 34. Be7 Rf7 35. Rb3 e3 36. Bc5 Nxh4 37. fxe3 Qxg3+ 38. Kh1 Nf3 39. Rxf3 Qxf3+ 40. Kh2 Rf5 41. Kg1 Rh5 0-1

[Event "CoshClub"]
[Site "?"]
[Date "1985.??.??"]
[Round "?"]
[White "Carter, Anthony FC"]
[Black "Brameld, Arthur F"]
[Result "0-1"]
[WhiteElo "2000"]
[BlackElo "2255"]
[PlyCount "76"]
[EventDate "1985.??.??"]
[EventType "game"]

1. d4 Nf6 2. c4 e6 3. Nf3 c5 4. d5 b5 5. dxe6 fxe6 6. cxb5 d5 7. e3 Bd6 8. Be2 O-O 9. O-O Qe7 10. b3 e5 11. Ba3 e4 12. Nc3 exf3 13. Bxf3 Bb7 14. Nxd5 Qe5 15. Nf4 Bxf3 16. Qxf3 Nbd7 17. g3 Ne4 18. Rad1 Ndf6 19. Qg2 Rab8 20. Rd3 g5 21. f3 c4 22. Bxd6 Nxd6 23. bxc4 Nxc4 24. Rc1 Nxe3 25. Qe2 gxf4 26. gxf4 Qxf4 27. Rxe3 Rxb5 28. Kh1 Rb2 29. Qxb2 Qxe3 30. Rg1+ Kh8 31. Rg3 Qb6 32. Qe5 Qb1+ 33. Kg2 Qxa2+ 34. Kh3 Qc4 35. f4 Qf1+ 36. Kh4 Qh1 37. h3 Qd5 38. Qe7 Qf7 $2 0-1

[Event "Ports Lge"]
[Site "?"]
[Date "1985.??.??"]
[Round "?"]
[White "Smith, M."]
[Black "Brameld, Arthur F"]
[Result "1/2-1/2"]
[WhiteElo "1960"]
[BlackElo "2255"]
[PlyCount "40"]
[EventDate "1985.??.??"]
[EventType "swiss"]

1. d4 Nf6 2. Nc3 d5 3. Bg5 c6 4. e3 Bf5 5. Bd3 Bxd3 6. Qxd3 e6 7. e4 dxe4 8. Nxe4 Nbd7 9. c3 Be7 10. Nxf6+ Bxf6 11. Bxf6 Nxf6 12. Nf3 O-O 13. O-O c5 14. Qb5 cxd4 15. Nxd4 Qd5 16. Qxd5 Nxd5 17. c4 Nf4 18. Rfd1 Rfd8 19. Kf1 a6 20. b3 Rd7 1/2-1/2

[Event "CoshCh"]
[Site "?"]
[Date "1985.??.??"]
[Round "?"]
[White "Brameld, Arthur F"]
[Black "Baker, Mark"]
[Result "0-1"]
[WhiteElo "2255"]
[BlackElo "1640"]
[PlyCount "80"]
[EventDate "1985.??.??"]
[EventType "swiss"]

1. e4 c5 2. Nf3 d6 3. d4 cxd4 4. Qxd4 Nc6 5. Bb5 Bd7 6. Bxc6 Bxc6 7. Nc3 Nf6 8. Bg5 e5 9. O-O-O exd4 10. Nxd4 Be7 11. Nf5 O-O 12. f3 Qc7 13. h4 g6 14. Ne3 Rac8 15. g4 Kg7 16. Rdg1 Rh8 17. Bf4 h5 18. gxh5 Nxh5 19. Nf5+ Kf8 20. Nxe7 Qxe7 21. Bg5 f6 22. Be3 Kf7 23. Rg4 Rcg8 24. Rhg1 g5 25. hxg5 fxg5 26. Bd4 Nf6 27. R4g2 Qd8 28. Nd1 Rh6 29. Ne3 Rhg6 30. Nf5 b5 31. Be3 Nxe4 32. Rd1 Bd7 33. fxe4 Bxf5 34. exf5 Rh6 35. Rdg1 Rh5 36. Bd4 Rh4 37. Bc3 b4 38. Bd2 g4 39. Bxb4 g3 40. Bd2 Rh2 0-1

[Event "Ports Lge"]
[Site "?"]
[Date "1985.??.??"]
[Round "?"]
[White "Brameld, Arthur F"]
[Black "Goddard, Jonathan"]
[Result "1/2-1/2"]
[WhiteElo "2255"]
[BlackElo "2175"]
[PlyCount "33"]
[EventDate "1985.??.??"]
[EventType "swiss"]

1. e4 c5 2. Nf3 d6 3. d4 cxd4 4. Qxd4 Nc6 5. Bb5 Bd7 6. Bxc6 Bxc6 7. Nc3 Nf6 8. Bg5 e6 9. O-O-O Be7 10. Rhe1 Qa5 11. Nd5 Bxd5 12. exd5 Qxa2 13. b3 Rc8 14. Qb2 Qxb2+ 15. Kxb2 Kd7 16. dxe6+ fxe6 17. Nd4 1/2-1/2

[Event "Ports Lge"]
[Site "?"]
[Date "1985.??.??"]
[Round "?"]
[White "Brameld, Arthur F"]
[Black "Wheeler, John F"]
[Result "1/2-1/2"]
[WhiteElo "2255"]
[BlackElo "2060"]
[PlyCount "61"]
[EventDate "1985.??.??"]
[EventType "swiss"]

1. e4 e5 2. f4 Bc5 3. Nf3 d6 4. Nc3 Nf6 5. Bc4 Nc6 6. d3 Bg4 7. h3 Bxf3 8. Qxf3 Nd4 9. Qg3 O-O 10. f5 d5 11. Bb3 Nxb3 12. axb3 dxe4 13. Bg5 exd3 14. O-O-O Qd6 15. Rxd3 Bd4 16. Kb1 Qc6 17. Bxf6 Qxf6 18. Nd5 Qd6 19. f6 g6 20. Qg5 Kh8 21. Qh6 Rg8 22. Ne7 Qxf6 23. Nxg8 Kxg8 24. Rf3 Qg7 25. Qxg7+ Kxg7 26. c3 Bc5 27. Re1 Bd6 28. g4 f6 29. Kc2 Rd8 30. Re4 a6 31. c4 1/2-1/2

[Event "Ports Lge"]
[Site "?"]
[Date "1985.??.??"]
[Round "?"]
[White "Oswald, Graeme"]
[Black "Brameld, Arthur F"]
[Result "1-0"]
[WhiteElo "2135"]
[BlackElo "2255"]
[PlyCount "65"]
[EventDate "1985.??.??"]
[EventType "swiss"]

1. g3 e5 2. Bg2 Nc6 3. c4 g6 4. e3 Bg7 5. Ne2 d6 6. d4 Nf6 7. Nbc3 O-O 8. O-O Bf5 9. d5 Ne7 10. e4 Bd7 11. f4 Nh5 12. Be3 f5 13. Qb3 b6 14. fxe5 dxe5 15. c5 Kh8 16. Rad1 bxc5 17. Bxc5 f4 18. Qa3 Rf7 19. gxf4 exf4 20. Nd4 Bg4 21. Ne6 Qd7 22. Ng5 Raf8 23. Rd3 h6 24. Nxf7+ Rxf7 25. h3 f3 26. hxg4 Qxg4 27. Rdxf3 Nf4 28. Rxf4 Rxf4 29. Rxf4 Qxf4 30. Ne2 Qd2 31. Qe3 Qe1+ 32. Bf1 Qh4 33. Bd4 1-0

[Event "Ports Lge"]
[Site "?"]
[Date "1986.??.??"]
[Round "?"]
[White "Gregory, Keith DF"]
[Black "Brameld, Arthur F"]
[Result "1/2-1/2"]
[WhiteElo "2120"]
[BlackElo "2255"]
[PlyCount "61"]
[EventDate "1986.??.??"]
[EventType "swiss"]

1. d4 Nf6 2. g3 g6 3. Bg2 Bg7 4. e4 d6 5. Ne2 O-O 6. O-O e5 7. Nbc3 exd4 8. Nxd4 Re8 9. h3 Nbd7 10. Re1 Nc5 11. Nb3 Nxb3 12. axb3 a6 13. Bg5 h6 14. Be3 Nd7 15. Qd2 Kh7 16. Rad1 Ne5 17. f4 Nc6 18. Qf2 Bd7 19. f5 Ne5 20. Nd5 Bc6 21. g4 Bxd5 22. exd5 g5 23. Bd4 Bf6 24. Be4 Kg7 25. Kg2 a5 26. c4 a4 27. Qc2 axb3 28. Qxb3 b6 29. Bc2 Qd7 30. Qc3 Ra2 31. Bb3 1/2-1/2

[Event "CoshCh"]
[Site "?"]
[Date "1986.??.??"]
[Round "?"]
[White "Dean, Stuart"]
[Black "Brameld, Arthur F"]
[Result "0-1"]
[WhiteElo "2000"]
[BlackElo "2255"]
[PlyCount "104"]
[EventDate "1986.??.??"]
[EventType "simul"]
[EventRounds "3"]

1. c4 e5 2. Nc3 Nc6 3. Nf3 g6 4. g3 Bg7 5. Bg2 d6 6. d3 h6 7. Bd2 Be6 8. O-O Qd7 9. Re1 Nge7 10. a3 O-O 11. b4 f5 12. Rb1 g5 13. h4 g4 14. Nh2 Rf7 15. e3 Raf8 16. Nd5 Nd8 17. Qc1 c6 18. Nc3 h5 19. b5 Ng6 20. bxc6 bxc6 21. Ne2 Bh6 22. Rb8 d5 23. cxd5 cxd5 24. d4 Nc6 25. Rxf8+ Rxf8 26. Qc2 Rc8 27. Rc1 Kh7 28. Qd1 Qd6 29. Rc5 Bf8 30. Qc1 exd4 31. Rb5 dxe3 32. Rb7+ Kg8 33. Bxe3 Na5 34. Qb2 Nxb7 35. Qxb7 Rb8 36. Qxa7 Rb1+ 37. Nf1 Qxa3 38. Qc7 Qd6 39. Qc2 Rb4 40. Nd4 Qd7 41. Qd2 Bf7 42. Bg5 Rxd4 43. Qxd4 Bg7 44. Qd2 d4 45. Ne3 Qb5 46. Bf1 dxe3 47. Qd8+ Qe8 48. Qxe8+ Bxe8 49. Bxe3 Ne5 50. Ba7 Nf3+ 51. Kg2 Bc6 52. Bc4+ Kh7 0-1

[Event "Ports Lge"]
[Site "?"]
[Date "1986.??.??"]
[Round "?"]
[White "Brameld, Arthur F"]
[Black "Smith, M."]
[Result "0-1"]
[WhiteElo "2255"]
[BlackElo "1960"]
[PlyCount "86"]
[EventDate "1986.??.??"]
[EventType "swiss"]

1. e4 e5 2. f4 d5 3. exd5 exf4 4. Nf3 Bg4 5. Bb5+ Nd7 6. Qe2+ Qe7 7. Qxe7+ Bxe7 8. Ne5 Ngf6 9. d4 a6 10. Bxd7+ Bxd7 11. Nxd7 Kxd7 12. c4 Bb4+ 13. Kf2 g5 14. a3 Be7 15. Nc3 Ng4+ 16. Kf3 f5 17. h3 Nf6 18. g3 g4+ 19. hxg4 fxg4+ 20. Kf2 fxg3+ 21. Kxg3 h5 22. Bf4 Rag8 23. Rae1 h4+ 24. Kg2 h3+ 25. Kg1 Nh5 26. Be5 Rh7 27. Ne4 Rf7 28. Rf1 Rxf1+ 29. Kxf1 Rf8+ 30. Ke2 Bh4 31. c5 Rf3 32. c6+ bxc6 33. Nc5+ Kc8 34. dxc6 Nf4+ 35. Bxf4 Rxf4 36. Rf1 h2 37. Rxf4 h1=Q 38. Rxg4 Qe1+ 39. Kf3 Qd1+ 40. Kf4 Qxd4+ 41. Ne4 Bd8 42. Rg2 Qc4 43. Rg6 Qf7+ 0-1

[Event "ColeCup"]
[Site "?"]
[Date "1986.??.??"]
[Round "?"]
[White "Evans, D."]
[Black "Brameld, Arthur F"]
[Result "0-1"]
[WhiteElo "1725"]
[BlackElo "2255"]
[PlyCount "124"]
[EventDate "1986.??.??"]
[EventType "swiss"]

1. c4 e5 2. d3 g6 3. g3 Bg7 4. Bg2 d6 5. Nc3 Nc6 6. Nf3 h6 7. a3 Be6 8. Bd2 Qd7 9. b4 Bh3 10. O-O Bxg2 11. Kxg2 Nge7 12. e3 f5 13. Qc2 O-O 14. b5 Nd8 15. d4 e4 16. Ng1 Ne6 17. Nge2 Rf7 18. h4 Raf8 19. Rad1 g5 20. hxg5 hxg5 21. Rh1 d5 22. cxd5 Nxd5 23. Nxd5 Qxd5 24. Bb4 Re8 25. Nc3 Qc4 26. Qe2 Qxe2 27. Nxe2 f4 28. Nc3 Nf8 29. Rhf1 f3+ 30. Kh3 g4+ 31. Kh2 Re6 32. Rh1 Nh7 33. Kg1 Nf6 34. Rh4 c6 35. d5 cxd5 36. Nxd5 Nxd5 37. Rxd5 Rc7 38. Rxg4 Rc1+ 39. Kh2 Rf1 40. Rd8+ Kh7 41. Rh4+ Rh6 42. Rd2 Bf6 43. Rxh6+ Kxh6 44. Bc5 b6 45. Bb4 Kg5 46. Rc2 Kf5 47. Bd6 Re1 48. Bb4 Rf1 49. Rd2 Rb1 50. Rd5+ Ke6 51. Rd6+ Kf5 52. Rd7 Rf1 53. Rd2 Rb1 54. Rd5+ Ke6 55. Rd6+ Kf5 56. Rd2 Rf1 57. Rd5+ Ke6 58. Rd2 Rb1 59. Rd6+ Kf5 60. g4+ Ke5 61. Rd2 Ke6 62. Rc2 Be5+ {White now lost by making the illegal move 63.Rc6+, Black taking White's King  with B(e5)xh2; If instead 63.Kh3, then Rh1 is mate!} 0-1

[Event "Ports Lge"]
[Site "?"]
[Date "1986.??.??"]
[Round "?"]
[White "Goddard, Jonathan"]
[Black "Brameld, Arthur F"]
[Result "1/2-1/2"]
[WhiteElo "2175"]
[BlackElo "2255"]
[PlyCount "70"]
[EventDate "1986.??.??"]
[EventType "swiss"]

1. e4 Nf6 2. e5 Nd5 3. d4 d6 4. Nf3 Bg4 5. Be2 e6 6. O-O Be7 7. c4 Nb6 8. Nc3 O-O 9. Be3 Nc6 10. exd6 cxd6 11. d5 Bxf3 12. Bxf3 Ne5 13. b3 Nxf3+ 14. Qxf3 e5 15. Qe2 f5 16. f3 h6 17. Rac1 Nd7 18. Rfd1 Bg5 19. Nb5 Rf6 20. a3 a6 21. Nc3 Nc5 22. b4 Nb3 23. Rb1 Bxe3+ 24. Qxe3 Nd4 25. Ne2 f4 26. Qe4 Nf5 27. c5 Rc8 28. Rbc1 Ne3 29. Rd2 Rf5 30. Ng3 Rg5 31. Nf1 Nf5 32. Rdc2 Ne7 33. Rd2 Nf5 34. Rdc2 Ne7 35. Rd2 Nf5 1/2-1/2

[Event "Ports Lge"]
[Site "?"]
[Date "1986.??.??"]
[Round "?"]
[White "Brameld, Arthur F"]
[Black "Gregory, Keith DF"]
[Result "0-1"]
[WhiteElo "2120"]
[BlackElo "2255"]
[PlyCount "59"]
[EventDate "1986.??.??"]
[EventType "swiss"]

1. e4 g6 2. d4 Bg7 3. Nc3 c6 4. Bc4 b5 5. Bb3 b4 6. Nce2 d5 7. exd5 cxd5 8. a3 bxa3 9. Rxa3 Nf6 10. Nf3 O-O 11. O-O Nc6 12. Ne5 Bb7 13. Nxc6 Bxc6 14. Bf4 Ne4 15. Ba4 Qd7 16. Bxc6 Qxc6 17. Rh3 Rfc8 18. c3 a5 19. Qd3 a4 20. Bc1 Rab8 21. Nf4 e6 22. Ne2 Rb3 23. f3 Nd6 24. Re1 Nc4 25. Qc2 Qb6 26. Nf4 Nxb2 27. Bxb2 Bxd4+ 28. Kh1 Rxb2 29. Qd3 Bg7 30. Nh5 0-1

[Event "ColeCup"]
[Site "?"]
[Date "1986.??.??"]
[Round "?"]
[White "Brameld, Arthur F"]
[Black "Williams, R."]
[Result "1/2-1/2"]
[WhiteElo "2255"]
[BlackElo "1815"]
[PlyCount "63"]
[EventDate "1986.??.??"]
[EventType "swiss"]

1. e4 c5 2. Nf3 d6 3. d4 cxd4 4. Qxd4 a6 5. Be3 Nc6 6. Qb6 Qxb6 7. Bxb6 Nf6 8. Nc3 g6 9. Nd5 Nxd5 10. exd5 Nb4 11. O-O-O Bf5 12. Nd4 Nxd5 13. Ba5 e6 14. Bc4 Nf6 15. Nxf5 gxf5 16. Rhe1 Rg8 17. g3 Rc8 18. Bb3 Ne4 19. Bb6 Nc5 20. Bd5 Na4 21. Ba5 Rb8 22. Bf3 Kd7 23. Rd4 Nc5 24. Bb6 Ne4 25. Bxe4 fxe4 26. Rdxe4 Be7 27. Rc4 Rbc8 28. Ree4 Rxc4 29. Rxc4 Bd8 30. Bxd8 Kxd8 31. Rf4 f5 32. Rh4 1/2-1/2

[Event "CoshCh"]
[Site "?"]
[Date "1986.??.??"]
[Round "?"]
[White "Brameld, Arthur F"]
[Black "Langley, Arthur"]
[Result "1-0"]
[WhiteElo "2255"]
[BlackElo "1605"]
[PlyCount "81"]
[EventDate "1986.??.??"]
[EventType "simul"]
[EventRounds "3"]

1. e4 c5 2. Nf3 d6 3. d4 cxd4 4. Qxd4 Nc6 5. Bb5 a6 6. Bxc6+ bxc6 7. c4 e6 8. Nc3 c5 9. Qd3 Be7 10. O-O Nf6 11. Bg5 O-O 12. Rfd1 Ne8 13. Bxe7 Qxe7 14. e5 dxe5 15. Nxe5 Qc7 16. Qe3 Nd6 17. b3 Bb7 18. Na4 Rac8 19. f3 Nf5 20. Qf4 Nd4 21. Kh1 f6 22. Nd3 Qxf4 23. Nxf4 Rc6 24. Nxc5 Rxc5 25. Rxd4 e5 26. Ne6 exd4 27. Nxc5 Bc8 28. Rd1 Rd8 29. b4 h5 30. Kg1 Rd6 31. Ne4 Rd8 32. Nc5 Kf7 33. Kf2 g5 34. a4 Rd6 35. b5 axb5 36. axb5 Bf5 37. Ne4 Bxe4 38. fxe4 Ke7 39. Ke2 Kd8 40. Kd3 Kc7 41. Ra1 1-0

[Event "ColeCup"]
[Site "?"]
[Date "1986.??.??"]
[Round "?"]
[White "Gregory, Keith DF"]
[Black "Brameld, Arthur F"]
[Result "1/2-1/2"]
[WhiteElo "2120"]
[BlackElo "2255"]
[PlyCount "102"]
[EventDate "1986.??.??"]
[EventType "swiss"]

1. g3 e5 2. Bg2 g6 3. d4 exd4 4. Qxd4 Qf6 5. Nf3 Qxd4 6. Nxd4 c6 7. c4 Bg7 8. e3 Na6 9. Nc3 Nc5 10. Kd2 a5 11. Nb3 Ne6 12. Na4 Ne7 13. c5 O-O 14. Rd1 b5 15. cxb6 Ba6 16. Ke1 d5 17. Bd2 Bb5 18. Nbc5 Rfb8 19. b7 Ra7 20. Nxe6 Bxa4 21. Nxg7 Bxd1 22. Rxd1 Kxg7 23. Bc3+ f6 24. e4 Rbxb7 25. exd5 cxd5 26. Rd4 a4 27. a3 Rd7 28. g4 Kf7 29. h4 Ke6 30. Rd2 Nc6 31. Re2+ Kf7 32. Kf1 Rac7 33. Rc2 d4 34. Bxc6 Rxc6 35. Rd2 Rc4 36. Bb4 d3 37. f3 Rc2 38. Ke1 Rc1+ 39. Kf2 Ke6 40. Bc3 f5 41. Ke3 Rh1 42. gxf5+ gxf5 43. h5 Rxh5 44. Bd4 f4+ 45. Ke4 Rhd5 46. Bc3 h5 47. Kxf4 Rf7+ 48. Ke4 h4 49. f4 h3 50. Rh2 Rh7 51. f5+ Kf7 1/2-1/2

[Event "Ports Lge"]
[Site "?"]
[Date "1986.??.??"]
[Round "?"]
[White "McDougall, William M"]
[Black "Brameld, Arthur F"]
[Result "0-1"]
[WhiteElo "2060"]
[BlackElo "2255"]
[PlyCount "82"]
[EventDate "1986.??.??"]
[EventType "swiss"]

1. Nf3 d5 2. d4 e6 3. c4 c5 4. e3 cxd4 5. exd4 Nf6 6. Bd3 Be7 7. O-O dxc4 8. Bxc4 O-O 9. a3 b6 10. Nc3 Ba6 11. Qe2 Bxc4 12. Qxc4 Qc8 13. Qxc8 Rxc8 14. Bf4 Nc6 15. Rac1 Na5 16. Ne5 Nb3 17. Rcd1 Bxa3 18. Nb5 Be7 19. Rd3 Nd5 20. Rxb3 Nxf4 21. Ra1 Nd5 22. Kf1 f6 23. Ng4 a6 24. Nc3 Nxc3 25. Rxc3 Rxc3 26. bxc3 a5 27. Ke2 b5 28. Kd3 Kf7 29. Ne3 b4 30. cxb4 Bxb4 31. Kc4 Bd6 32. Kb5 Rb8+ 33. Kc6 Bf4 34. Rxa5 Rb2 35. g3 Bxe3 36. fxe3 Re2 37. Ra3 f5 38. Rc3 Rxh2 39. d5 exd5 40. Kxd5 Kf6 41. e4 Rd2+ 0-1

[Event "CoshCh"]
[Site "?"]
[Date "1986.??.??"]
[Round "?"]
[White "Smith, A."]
[Black "Brameld, Arthur F"]
[Result "1-0"]
[WhiteElo "1735"]
[BlackElo "2255"]
[PlyCount "61"]
[EventDate "1986.??.??"]
[EventType "simul"]
[EventRounds "3"]

1. e4 Nf6 2. e5 Nd5 3. d4 d6 4. Nf3 Bg4 5. Bc4 e6 6. h3 Bh5 7. O-O Be7 8. c3 O-O 9. Nbd2 dxe5 10. dxe5 Nc6 11. Re1 Qd7 12. Nf1 Na5 13. Bd3 Rad8 14. Ng3 Bg6 15. Bxg6 hxg6 16. Bg5 Qb5 17. Qc2 Bxg5 18. Nxg5 Qc6 19. Qe4 Qc4 20. Qc2 Ne7 21. Re4 Qc6 22. Rh4 Nf5 23. Nxf5 exf5 24. Qe2 Nc4 25. Qxc4 Qxc4 26. Rxc4 Rd2 27. Rxc7 Rxb2 28. e6 f6 29. e7 Re8 30. Nf3 Kf7 31. Re1 1-0

[Event "NATO Aalborg"]
[Site "Aalborg"]
[Date "1986.??.??"]
[Round "1"]
[White "Brameld, Arthur F"]
[Black "Agdestein, Simen"]
[Result "1/2-1/2"]
[Annotator "A F BRAMELD"]
[WhiteElo "2140"]
[BlackElo "2560"]
[PlyCount "37"]
[EventDate "1986.??.??"]
[EventType "swiss"]
[EventRounds "7"]
[EventCountry "DEN"]

{At the time that this game was played, Simen was the youngest Grand Master in the world.} 1. e4 e5 {Rather fortunately for me, he was in the process of widening his Black opening repertoire having previously been mostly a player of the French Defence - in which case, why play into his hands and play 2.Nf3 !!} 2. f4 $3 {What else !!?} d5 3. exd5 exf4 4. Nf3 Bd6 (4... Qxd5 $6 5. d4 {5.d4 scores 65% in my database, whilst both 5.Nc3 (71%) and 5.Be2 (75%) seem even better.}) 5. Bb5+ c6 6. dxc6 Nxc6 (6... bxc6 7. Bc4 Ne7 8. O-O O-O 9. d4 Bg4 10. Qd3 Ng6 11. c3 Nd7 12. b4 Re8 13. Na3 Nf6 14. Bb3 Ne4 15. Nc4 Bc7 {Tonev-Pashov, 1990, 1/2-/12, 32.}) 7. Nc3 (7. Bxc6+ bxc6 8. O-O Nf6 9. d4 O-O 10. Nc3 Re8 11. Ne2 Ng4 12. Nxf4 Re3 13. Bxe3 Nxe3 14. Qd2 Bxf4 15. Rfe1 Nd5 16. Qd3 Bg4 17. h3 Bxf3 18. Qxf3 Qg5 19. Re4 Be3+ 20. Kh1 f5 21. Re5 {Wolfram-Schweinberger, 2001, 1-0, 32.}) 7... Nge7 8. d4 O-O 9. O-O {see photograph} Bg4 10. Ne4 Bc7 11. c3 $14 {White has the traditional central/Q-side pawn majority against Black's majority on the K-side.} a6 12. Bd3 Nd5 13. Qc2 (13. Nc5 $5) (13. Qb3 $5) 13... h6 14. Bd2 (14. Nc5 Bb6 15. Nxb7 Qe7 16. Bh7+ Kh8 17. Be4 $16) 14... Bb6 15. Kh1 Rc8 16. Qb3 Be6 $6 $16 (16... Na5 $142 $5 17. Qd1 Re8 $11) 17. c4 Ne3 18. d5 Nxf1 19. Rxf1 {The final position is somewhere between  and +- (but he was a GM !!) - he did, however, think for at least five minutes before accepting my draw offer !!} (19. Rxf1 Na5 20. Bxa5 Bxa5 21. dxe6 fxe6 22. Ne5 Bc7 23. Ng6 Rf7 24. Rd1 {is one possible continuation ......}) 1/2-1/2

[Event "NATO Aalborg"]
[Site "Aalborg"]
[Date "1986.??.??"]
[Round "2"]
[White "Schultheis, J."]
[Black "Brameld, Arthur F"]
[Result "0-1"]
[WhiteElo "2095"]
[BlackElo "2140"]
[PlyCount "78"]
[EventDate "1986.??.??"]
[EventType "swiss"]
[EventRounds "7"]
[EventCountry "DEN"]

1. e4 Nf6 2. e5 Nd5 3. d4 d6 4. Bc4 Nb6 5. Bb3 dxe5 6. Qh5 e6 7. dxe5 Nc6 8. Nf3 Nd4 9. Nc3 Nxf3+ 10. Qxf3 c5 11. Be3 Qc7 12. O-O-O Bd7 13. Qf4 Be7 14. Ne4 Qc6 15. Nd6+ Bxd6 16. Rxd6 Qc7 17. c3 Nc8 18. Rdd1 Ne7 19. Qg5 Nf5 20. Rhe1 h6 21. Qh5 g6 22. Qg4 O-O-O 23. Bd2 Bb5 24. f4 Rd7 25. Qf3 h5 26. g3 Rhd8 27. Qf2 Kb8 28. h3 Bd3 29. Be3 Nxe3 30. Qxe3 Qa5 31. a3 c4 32. Ba2 Qa4 33. Rd2 Bb1 34. Bxb1 Rxd2 35. Qxd2 Rxd2 36. Kxd2 Qb5 37. Kc1 Qb6 38. Be4 Qf2 39. Kd1 Qxb2 0-1

[Event "NATO Aalborg"]
[Site "Aalborg"]
[Date "1986.??.??"]
[Round "3"]
[White "Storland, Knut H"]
[Black "Brameld, Arthur F"]
[Result "0-1"]
[WhiteElo "1940"]
[BlackElo "2140"]
[PlyCount "88"]
[EventDate "1986.??.??"]
[EventType "swiss"]
[EventRounds "7"]
[EventCountry "DEN"]

1. Nf3 Nf6 2. c4 e6 3. Nc3 b6 4. g3 Bb7 5. Bg2 Be7 6. O-O O-O 7. d4 Ne4 8. Qc2 Nxc3 9. Qxc3 f5 10. Ne5 Bxg2 11. Kxg2 d6 12. Qf3 Nd7 13. Nc6 Qe8 14. Nxe7+ Qxe7 15. Qc6 Rac8 16. h4 h6 17. e4 e5 18. exf5 Rxf5 19. Qb7 Rcf8 20. Qxc7 Qf6 21. f4 Rf7 22. Qc8+ Kh7 23. g4 Rxf4 24. Bxf4 exf4 25. Qe8 Qg6 26. g5 hxg5 27. h5 Qf5 28. Rf2 g4 29. Raf1 f3+ 30. Kg1 Qf4 31. Qe6 Nf8 32. Qe1 Qg3+ 33. Kh1 Qh4+ 34. Rh2 Qxe1 35. Rxe1 Rf4 36. Rg1 Rxd4 37. b3 Kh6 38. Rc2 Nd7 39. Kh2 Nf6 40. Kg3 Kg5 41. Re1 Nxh5+ 42. Kf2 Kf4 43. Rh1 g3+ 44. Ke1 f2+ 0-1